Анализ трещин ГРП на нагнетательных скважинах; Проблемы геологии и освоения недр

Detalles Bibliográficos
Parent link:Проблемы геологии и освоения недр.— 2009.— С. 433-435
Autor principal: Главнов Н. Г.
Otros Autores: Квеско Б. Б. (научный руководитель)
Lenguaje:ruso
Publicado: 2009
Materias:
Formato: Capítulo de libro
KOHA link:https://koha.lib.tpu.ru/cgi-bin/koha/opac-detail.pl?biblionumber=181138

MARC

LEADER 00000naa2a2200000 4500
001 181138
005 20231031170958.0
035 |a (RuTPU)RU\TPU\book\196354 
090 |a 181138 
100 |a 20100602d2009 k y0rusy50 ca 
101 0 |a rus 
102 |a RU 
200 1 |a Анализ трещин ГРП на нагнетательных скважинах  |f Н. Г. Главнов  |g науч. рук. Б. Б. Квеско 
320 |a Библиогр.: 4 назв. 
463 0 |0 (RuTPU)RU\TPU\book\186895  |y 978-5-98298-569-9  |t Проблемы геологии и освоения недр  |o труды XIII Международного симпозиума имени академика М. А. Усова студентов и молодых ученых, посвященного 110-летию со дня рождения К. В. Радугина  |f Томский политехнический университет (ТПУ), Институт геологии и нефтегазового дела (ИГНД)  |v С. 433-435  |d 2009  |p 993 с. 
610 1 |a скважины 
610 1 |a трещины 
610 1 |a заводнение 
610 1 |a гидравлический разрыв пласта 
610 1 |a труды учёных ТПУ 
700 1 |a Главнов  |b Н. Г. 
702 1 |a Квеско  |b Б. Б.  |4 727 
801 1 |a RU  |b 63413507  |c 20100602 
801 2 |a RU  |b 63413507  |c 20100602  |g RCR 
942 |c BK